00983nam a2200241Ia 450000100060000000300090000600800410001504000130005604000130006904100130008210000210009510000290011624500200014524500200016525000110018526000110019626000120020726000490021930000430026850003720031165000270068365000310071022414IT-RoPAU130308s9999 xx 000 0 und d aIT-RoPAU cIT-RoPAU aITALIANO aSalizzato Claver gCodice Aut. SPICS: 11837 aBallare il film bBallare Il Film a1a ed. aMILANO bSavelli c1982 [1° Ed.:1982 - Ed.Ling.Originale:1982] a"192 p. (prefazione: no ; testo: 192)" aMusical Americanocoreografia Mito Show Danza e Spettacolo Ballo Scuola Coreografica Americana di Agnes De mille e George Balanchine Film di Fred & Ginger Età d'oro del Musicale con Minnelli vincente Berkeley Busby Astaire Fred fosse Bob Kelly Gene Pan Hermes Prinz le Roy Freed Arthur Robbins Jerome Balletto Filmografia Grandi Coreografi Stardust polvere di Stelle aGENERI CINEMATOGRAFICI eCodice materia Spics: 6810